Toutes les municipalités de la Montérégie - Statistiques

Statistiques générales
  • Ce quiz a été pris 14 fois
  • Le résultat moyen est 43 sur 150
Statistiques - réponses
Subdivision Régionale Désignation Population Municipalité % Correct
MRC de La Vallée-du-Richelieu M 2 286 Saint-Marc-sur-Richelieu
77%
MRC de La Vallée-du-Richelieu V 24 672 Beloeil
69%
MRC de La Vallée-du-Richelieu V 19 247 Mont-Saint-Hilaire
69%
MRC de La Vallée-du-Richelieu M 1 782 Saint-Charles-sur-Richelieu
69%
MRC de La Vallée-du-Richelieu M 2 410 Saint-Denis-sur-Richelieu
69%
MRC de Marguerite-D’Youville V 30 992 Sainte-Julie
69%
MRC des Maskoutains V 57 785 Saint-Hyacinthe
69%
MRC du Haut-Richelieu V 99 758 Saint-Jean-sur-Richelieu
69%
MRC de La Vallée-du-Richelieu M 2 824 Saint-Mathieu-de-Beloeil
69%
MRC de Beauharnois-Salaberry V 43 899 Salaberry-de-Valleyfield
69%
MRC de Vaudreuil-Soulanges M 1 996 Terrasse-Vaudreuil
69%
MRC de La Vallée-du-Richelieu V 31 450 Chambly
62%
Agglomération de Longueuil V 251 639 Longueuil
62%
MRC de La Vallée-du-Richelieu M 1 780 Saint-Antoine-sur-Richelieu
62%
MRC de Pierre-De Saurel M 2 790 Sainte-Anne-de-Sorel
62%
MRC de Pierre-De Saurel M 2 510 Sainte-Victoire-de-Sorel
62%
MRC de Pierre-De Saurel V 1 614 Saint-Joseph-de-Sorel
62%
MRC d'Acton P 897 Saint-Nazaire-d'Acton
62%
Agglomération de Longueuil V 42 551 Boucherville
54%
Agglomération de Longueuil V 90 787 Brossard
54%
MRC de La Vallée-du-Richelieu V 8 383 Otterburn Park
54%
MRC de Rouville V 5 624 Richelieu
54%
MRC du Haut-Richelieu M 2 134 Saint-Blaise-sur-Richelieu
54%
MRC des Maskoutains M 527 Saint-Marcel-de-Richelieu
54%
MRC de Rouville M 4 596 Saint-Mathias-sur-Richelieu
54%
MRC de Pierre-De Saurel M 2 590 Saint-Roch-de-Richelieu
54%
MRC de Marguerite-D’Youville V 21 530 Varennes
54%
MRC d'Acton V 7 833 Acton Vale
46%
MRC de Beauharnois-Salaberry V 13 881 Beauharnois
46%
MRC de Roussillon V 50 927 Châteauguay
46%
MRC de Marguerite-D’Youville V 9 838 Contrecoeur
46%
MRC de Rouville V 11 425 Marieville
46%
MRC de La Vallée-du-Richelieu V 17 414 Saint-Basile-le-Grand
46%
Agglomération de Longueuil V 26 873 Saint-Bruno-de-Montarville
46%
MRC de Beauharnois-Salaberry M 1 064 Saint-Étienne-de-Beauharnois
46%
Agglomération de Longueuil V 22 523 Saint-Lambert
46%
MRC d'Acton M 2 347 Upton
46%
MRC de Roussillon V 23 113 Candiac
38%
MRC de Roussillon V 8 397 Delson
38%
MRC de Vaudreuil-Soulanges V 5 567 Hudson
38%
MRC du Haut-Saint-Laurent V 2 596 Huntingdon
38%
MRC de Vaudreuil-Soulanges V 11 580 L'Île-Perrot
38%
MRC de La Vallée-du-Richelieu M 5 950 McMasterville
38%
MRC du Haut-Richelieu M 3 293 Mont-Saint-Grégoire
38%
MRC des Jardins-de-Napierville M 4 147 Napierville
38%
MRC de Vaudreuil-Soulanges V 11 607 Notre-Dame-de-l'Île-Perrot
38%
MRC de Rouville M 2 840 Rougemont
38%
MRC de Rouville V 5 985 Saint-Césaire
38%
MRC des Jardins-de-Napierville M 2 070 Saint-Cyprien-de-Napierville
38%
MRC de La Vallée-du-Richelieu M 3 293 Saint-Jean-Baptiste
38%
MRC de Pierre-De Saurel V 1 765 Saint-Ours
38%
MRC des Maskoutains V 5 852 Saint-Pie
38%
MRC de Vaudreuil-Soulanges V 42 694 Vaudreuil-Dorion
38%
MRC du Haut-Richelieu M 1 923 Venise-en-Québec
38%
MRC de Rouville M 2 908 Ange-Gardien
31%
MRC de La Vallée-du-Richelieu V 1 743 Carignan
31%
MRC des Jardins-de-Napierville CT 2 021 Hemmingford
31%
MRC des Jardins-de-Napierville VL 803 Hemmingford
31%
MRC de Roussillon V 26 380 La Prairie
31%
MRC de Roussillon V 14 896 Mercier
31%
MRC de Vaudreuil-Soulanges V 8 215 Rigaud
31%
MRC de Roussillon V 30 539 Saint-Constant
31%
MRC des Maskoutains M 2 733 Saint-Dominique
31%
MRC des Maskoutains VL 2 314 Sainte-Madeleine
31%
MRC des Maskoutains P 2 979 Sainte-Marie-Madeleine
31%
MRC des Maskoutains M 3 103 Saint-Liboire
31%
MRC de Roussillon M 2 323 Saint-Mathieu
31%
MRC de Pierre-De Saurel M 1 754 Yamaska
31%
MRC de Vaudreuil-Soulanges V 7 610 Coteau-du-Lac
23%
MRC de Roussillon R 10 210 Kahnawake
23%
MRC du Haut-Richelieu M 2 722 Lacolle
23%
MRC des Maskoutains M 2 591 La Présentation
23%
MRC de Roussillon V 2 421 Léry
23%
MRC de Vaudreuil-Soulanges M 7 220 Les Cèdres
23%
MRC de Vaudreuil-Soulanges M 5 751 Les Coteaux
23%
MRC de Vaudreuil-Soulanges V 131 L'Île-Cadieux
23%
MRC de Vaudreuil-Soulanges V 15 242 Pincourt
23%
MRC d'Acton CT 1 128 Roxton
23%
MRC d'Acton VL 1 356 Roxton Falls
23%
MRC du Haut-Richelieu M 2 675 Saint-Alexandre
23%
MRC de Marguerite-D’Youville M 13 356 Saint-Amable
23%
MRC des Jardins-de-Napierville M 1 616 Saint-Bernard-de-Lacolle
23%
MRC des Maskoutains M 1 650 Sainte-Hélène-de-Bagot
23%
MRC de Vaudreuil-Soulanges M 1 076 Sainte-Marthe
23%
MRC des Maskoutains M 1 375 Saint-Hugues
23%
MRC de Vaudreuil-Soulanges V 22 653 Saint-Lazare
23%
MRC des Jardins-de-Napierville V 9 001 Saint-Rémi
23%
MRC de Vaudreuil-Soulanges M 9 720 Saint-Zotique
23%
MRC de Pierre-De Saurel V 35 627 Sorel-Tracy
23%
MRC de Marguerite-D’Youville M 5 826 Verchères
23%
MRC de Marguerite-D’Youville M 552 Calixa-Lavallée
15%
MRC du Haut-Saint-Laurent M 1 736 Franklin
15%
MRC du Haut-Richelieu M 1 478 Henryville
15%
MRC du Haut-Richelieu M 1 559 Noyan
15%
MRC du Haut-Saint-Laurent M 3 928 Ormstown
15%
MRC de Vaudreuil-Soulanges VL 1 813 Pointe-des-Cascades
15%
MRC des Maskoutains M 858 Saint-Barnabé-Sud
15%
MRC du Haut-Saint-Laurent M 2 746 Saint-Chrysostome
15%
MRC de Vaudreuil-Soulanges M 1 860 Saint-Clet
15%
MRC de Rouville M 1 774 Sainte-Angèle-de-Monnoir
15%
MRC du Haut-Richelieu P 2 180 Sainte-Anne-de-Sabrevois
15%
MRC de Roussillon V 17 421 Sainte-Catherine
15%
MRC des Jardins-de-Napierville M 1 363 Saint-Édouard
15%
MRC de Beauharnois-Salaberry M 5 741 Sainte-Martine
15%
MRC des Maskoutains M 1 431 Saint-Jude
15%
MRC des Maskoutains M 746 Saint-Louis
15%
MRC des Jardins-de-Napierville M 3 590 Saint-Michel
15%
MRC de Rouville M 2 913 Saint-Paul-d'Abbotsford
15%
MRC du Haut-Richelieu M 2 281 Saint-Paul-de-l'Île-aux-Noix
15%
MRC de Vaudreuil-Soulanges M 2 496 Saint-Polycarpe
15%
MRC de Pierre-De Saurel M 1 855 Saint-Robert
15%
MRC du Haut-Richelieu M 709 Saint-Sébastien
15%
MRC des Maskoutains M 798 Saint-Valérien-de-Milton
15%
MRC de Vaudreuil-Soulanges M 1 025 Très-Saint-Rédempteur
15%
MRC d'Acton M 329 Béthanie
8%
MRC du Haut-Saint-Laurent CT 396 Dundee
8%
MRC du Haut-Saint-Laurent M 399 Elgin
8%
MRC du Haut-Saint-Laurent CT 1 479 Godmanchester
8%
MRC du Haut-Saint-Laurent CT 758 Havelock
8%
MRC du Haut-Saint-Laurent M 2 252 Hinchinbrooke
8%
MRC de Pierre-De Saurel VL 546 Massueville
8%
MRC de Vaudreuil-Soulanges VL 612 Pointe-Fortune
8%
MRC de Vaudreuil-Soulanges M 2 504 Rivière-Beaudette
8%
MRC des Maskoutains M 2 631 Saint-Damase
8%
MRC de Pierre-De Saurel M 892 Saint-David
8%
MRC du Haut-Richelieu M 1 471 Sainte-Brigide-d'Iberville
8%
MRC d'Acton P 7 738 Sainte-Christine
8%
MRC des Jardins-de-Napierville M 2 528 Sainte-Clotilde
8%
MRC de Vaudreuil-Soulanges M 964 Sainte-Justine-de-Newton
8%
MRC du Haut-Richelieu M 1 248 Saint-Georges-de-Clarenceville
8%
MRC de Pierre-De Saurel P 244 Saint-Gérard-Majella
8%
MRC de Roussillon P 2 834 Saint-Isidore
8%
MRC des Jardins-de-Napierville M 2 044 Saint-Jacques-le-Mineur
8%
MRC de Beauharnois-Salaberry P 2 013 Saint-Louis-de-Gonzague
8%
MRC des Jardins-de-Napierville M 2 364 Saint-Patrice-de-Sherrington
8%
MRC de Roussillon V 7 560 Saint-Philippe
8%
MRC des Maskoutains M 1 437 Saint-Simon
8%
MRC de Beauharnois-Salaberry M 1 884 Saint-Stanislas-de-Kostka
8%
MRC de Vaudreuil-Soulanges M 811 Saint-Télesphore
8%
MRC d'Acton M 1 610 Saint-Théodore-d'Acton
8%
MRC de Beauharnois-Salaberry M 1 378 Saint-Urbain-Premier
8%
MRC de Vaudreuil-Soulanges VL 1 382 Vaudreuil-sur-le-Lac
8%
MRC du Haut-Saint-Laurent R 2 403 Akwesasne
0%
MRC du Haut-Saint-Laurent M 836 Howick
0%
MRC de Pierre-De Saurel M 476 Saint-Aimé
0%
MRC du Haut-Saint-Laurent M 2 786 Saint-Anicet
0%
MRC des Maskoutains M 610 Saint-Bernard-de-Michaudville
0%
MRC du Haut-Saint-Laurent M 1 592 Sainte-Barbe
0%
MRC du Haut-Richelieu M 460 Saint-Valentin
0%
MRC du Haut-Saint-Laurent P 1 257 Très-Saint-Sacrement
0%
Aucun quiz correspondant
Distribution des résultats
% des personnes avec chaque résultat
Percentile par nombre de réponses
Votre historique - résultats
Vous n’avez pas pris ce quiz